Pokémon - 8ème génération - Statistiques

Statistiques générales
  • Ce quiz a été pris 81 fois
  • Le résultat moyen est 73 sur 96
Statistiques - réponses
PokéDex Pokémon % Correct
#0813 Flambino
98%
#0815 Pyrobut
98%
#0823 Corvaillus
95%
#0812 Gorythmic
95%
#0814 Lapyro
95%
#0816 Larméléon
95%
#0888 Zacian
95%
#0889 Zamazenta
95%
#0890 Éthernatos
93%
#0818 Lézargus
93%
#0897 Spectreval
93%
#0811 Badabouin
91%
#0822 Bleuseille
91%
#0821 Minisange
91%
#0810 Ouistempo
91%
#0817 Arrozard
86%
#0831 Moumouton
86%
#0819 Rongourmand
86%
#0851 Scolocendre
86%
#0892 Shifours
86%
#0898 Sylveroy
86%
#0826 Astronelle
84%
#0850 Grillepattes
84%
#0832 Moumouflon
84%
#0858 Sorcilence
84%
#0837 Charbi
81%
#0862 Ixon
81%
#0887 Lanssorien
81%
#0824 Larvadar
81%
#0856 Bibichut
79%
#0896 Blizzeval
79%
#0857 Chapotus
79%
#0884 Duralugon
79%
#0894 Regieleki
79%
#0829 Tournicoton
79%
#0838 Wagomine
79%
#0891 Wushours
79%
#0873 Beldeneige
77%
#0830 Blancoton
77%
#0825 Coléodôme
77%
#0885 Fantyrm
77%
#0853 Krakos
77%
#0895 Regidrago
77%
#0820 Rongrigou
77%
#0872 Frissonille
74%
#0827 Goupilou
74%
#0870 Hexadron
74%
#0852 Poulpaf
74%
#0828 Roublenard
74%
#0849 Salarsen
74%
#0848 Toxizap
74%
#0901 Ursaking
74%
#0835 Voltoutou
74%
#0893 Zarude
74%
#0861 Angoliath
72%
#0886 Dispareptil
72%
#0859 Grimalin
72%
#0839 Monthracite
72%
#0841 Pomdrapi
72%
#0899 Cerbyllin
70%
#0842 Dratatin
70%
#0860 Fourbelin
70%
#0836 Fulgudog
70%
#0881 Galvagla
70%
#0900 Hachécateur
70%
#0883 Hydragla
70%
#0840 Verpom
70%
#0875 Bekaglaçon
67%
#0868 Crèmy
67%
#0874 Dolman
67%
#0880 Galvagon
67%
#0882 Hydragon
67%
#0833 Khélocrok
67%
#0877 Morpeko
67%
#0865 Palarticho
67%
#0902 Paragruel
67%
#0854 Théffroi
67%
#0834 Torgamord
67%
#0867 Tutétékri
67%
#0878 Charibari
65%
#0869 Charmilly
65%
#0864 Corayôme
65%
#0903 Farfurex
65%
#0866 M. Glaquette
65%
#0863 Berserkatt
63%
#0845 Nigosier
63%
#0879 Pachyradjah
63%
#0904 Qwilpik
63%
#0905 Amovénus
60%
#0847 Hastacuda
60%
#0855 Polthégeist
60%
#0843 Dunaja
58%
#0846 Embrochet
58%
#0844 Dunaconda
56%
#0876 Wimessir
56%
#0871 Wattapik
53%
Aucun quiz correspondant
Distribution des résultats
% des personnes avec chaque résultat
Percentile par nombre de réponses
Votre historique - résultats
Vous n’avez pas pris ce quiz